What makes public housing fair? (Record no. 74998)
[ view plain ]
| 000 -LEADER | |
|---|---|
| fixed length control field | 01667cab a2200241 4500 |
| 001 - CONTROL NUMBER | |
| control field | ABS68847 |
| 008 - FIXED-LENGTH DATA ELEMENTS--GENERAL INFORMATION | |
| fixed length control field | 050331n2005 000 0 eng u |
| 035 ## - SYSTEM CONTROL NUMBER | |
| System control number | (Sirsi) u129204 |
| 100 ## - MAIN ENTRY--PERSONAL NAME | |
| Personal name | Rowley, A. |
| 245 ## - TITLE STATEMENT | |
| Title | What makes public housing fair? |
| 260 ## - PUBLICATION, DISTRIBUTION, ETC. | |
| Date of publication, distribution, etc. | 2005 |
| 490 ## - SERIES STATEMENT | |
| Series statement | New Law Journal |
| Volume/sequential designation | 155(7167) 11 March 2005, 354-355(2) |
| 520 ## - SUMMARY, ETC. | |
| Summary, etc. | Considers the CA ruling "R (on the application of Khatun) v Newham London Borough Council" ([2004] EWCA Civ 55, Abs67534), which confirmed that public sector tenants are as protected as private sector tenants by the unfair contract terms regulations. This supports the view of OFT, the lead regulator enforcing the regulations, who joined in the proceedings as an interested party. The Unfair Terms in Consumer Contracts Regulations 1999 SI 1999: 2083 transposes the requirements of Directive 93/13/EEC into UK law. Looks at the key issues of the "Khatun" case including the applicability of the Directive and the regulations to the council's terms, the nature of and the consequences of an unfair term. Provides a selection of examples of unfair terms in tenancy agreements. Concludes that those who use or supply standard, pre-formulated tenancy agreements must consider their terms and conditions and remove any unfair terms. |
| 590 ## - LOCAL NOTE (RLIN) | |
| Local note | ABS |
| 650 ## - SUBJECT ADDED ENTRY--TOPICAL TERM | |
| Topical term or geographic name entry element | R (ON THE APPLICATION OF KHATUN) V NEWHAM LONDON BOROUGH COUNCIL |
| 650 ## - SUBJECT ADDED ENTRY--TOPICAL TERM | |
| Topical term or geographic name entry element | UNFAIR TERMS IN CONSUMER CONTRACTS REGULATIONS 1999 |
| 650 ## - SUBJECT ADDED ENTRY--TOPICAL TERM | |
| Topical term or geographic name entry element | TENANCY AGREEMENTS |
| 650 ## - SUBJECT ADDED ENTRY--TOPICAL TERM | |
| Topical term or geographic name entry element | DIRECTIVE 93/13/EEC |
| 650 ## - SUBJECT ADDED ENTRY--TOPICAL TERM | |
| Topical term or geographic name entry element | HOMELESSNESS |
| 650 ## - SUBJECT ADDED ENTRY--TOPICAL TERM | |
| Topical term or geographic name entry element | HOUSING ACT 1996 PART VII |
| 690 ## - LOCAL SUBJECT ADDED ENTRY--TOPICAL TERM (OCLC, RLIN) | |
| Topical term or geographic name as entry element | LANDLORD AND TENANT-RESIDENTIAL TENANCIES-CASE LAW |
| 942 ## - ADDED ENTRY ELEMENTS (KOHA) | |
| Suppress in OPAC | 0 |
| Withdrawn status | Lost status | Source of classification or shelving scheme | Damaged status | Not for loan | Home library | Current library | Shelving location | Date acquired | Total Checkouts | Full call number | Barcode | Date last seen | Copy number | Price effective from | Koha item type |
|---|---|---|---|---|---|---|---|---|---|---|---|---|---|---|---|
| Dewey Decimal Classification | London | London | Journal article | 31/03/2005 | ABS68847 | 129204-1001 | 06/08/2019 | 1 | 06/08/2019 | Journal article |